<?xml version="1.0" encoding="UTF-8"?>
<collection xmlns="http://www.loc.gov/MARC21/slim">
 <record>
  <leader>01388nam a2200205Ia 4500</leader>
  <controlfield tag="001">CTU_194953</controlfield>
  <controlfield tag="008">210402s9999    xx            000 0 und d</controlfield>
  <datafield tag="082" ind1=" " ind2=" ">
   <subfield code="a">428.24</subfield>
  </datafield>
  <datafield tag="082" ind1=" " ind2=" ">
   <subfield code="b">S252/B.3</subfield>
  </datafield>
  <datafield tag="100" ind1=" " ind2=" ">
   <subfield code="a">Saslow, Joan M</subfield>
  </datafield>
  <datafield tag="245" ind1=" " ind2="0">
   <subfield code="a">Top notch 3 :</subfield>
  </datafield>
  <datafield tag="245" ind1=" " ind2="0">
   <subfield code="b">English for today’s world</subfield>
  </datafield>
  <datafield tag="245" ind1=" " ind2="0">
   <subfield code="c">Joan Saslow, Allen Ascher</subfield>
  </datafield>
  <datafield tag="260" ind1=" " ind2=" ">
   <subfield code="a">White Plains, NY</subfield>
  </datafield>
  <datafield tag="260" ind1=" " ind2=" ">
   <subfield code="b">Longman</subfield>
  </datafield>
  <datafield tag="260" ind1=" " ind2=" ">
   <subfield code="c">2006</subfield>
  </datafield>
  <datafield tag="520" ind1=" " ind2=" ">
   <subfield code="a">Top Notch, a dynamic 6-level course for international communication, sets a new standard, using the natural language that people really speak. With a rock-solid learner-centered approach, Top Notch provides students an opportunity to confirm their own progress at the end of every easy-to-teach two-page lesson. Features of Top Notch 3 *Essential model conversations that make key social language unforgettable and easy to personalize *Intensive vocabulary development with active recycling *Complete grammar support--extended by a bound-in Grammar Booster *&quot;Top Notch Interactions&quot;--unique step-by-step discussion builders that guarantee success for all learners *Thorough attention to pronunciation *A wide array of learning strategies and activities that promote critical thinking *Authentic and refreshing content that connects students to the real world</subfield>
  </datafield>
  <datafield tag="650" ind1=" " ind2=" ">
   <subfield code="a">English language</subfield>
  </datafield>
  <datafield tag="904" ind1=" " ind2=" ">
   <subfield code="i">Hải</subfield>
  </datafield>
  <datafield tag="980" ind1=" " ind2=" ">
   <subfield code="a">Trung tâm Học liệu Trường Đại học Cần Thơ</subfield>
  </datafield>
 </record>
</collection>
